Special topics in education: (Record no. 1438)

MARC details
000 -LEADER
fixed length control field 01205nam a22003017a 4500
005 - DATE AND TIME OF LATEST TRANSACTION
control field 20230227053438.0
008 - FIXED-LENGTH DATA ELEMENTS--GENERAL INFORMATION
fixed length control field 230227b |||||||| |||| 00| 0 eng d
020 ## - INTERNATIONAL STANDARD BOOK NUMBER
International Standard Book Number 971-685-751-5
082 ## - DEWEY DECIMAL CLASSIFICATION NUMBER
Classification number Fil. 371.1 Sp741f 2013
100 ## - MAIN ENTRY--PERSONAL NAME
Personal name Corpuz, Brenda B.
Relator term author
245 ## - TITLE STATEMENT
Title Special topics in education:
Remainder of title volume 4 /
Statement of responsibility, etc. Brenda B. Corpuz, Paraluman R. Giron, Rosita K. Navarro, Lolita M. Andrada, Punta P. Bilbao, Avelina T. Llagas, Gloria G. Salandanan, Maria Rita D. Lucas, Paz I. Lucido, Milagros L. Borabo, Heidi Grace L. Borabo, Amor Q. De Torres
260 ## - PUBLICATION, DISTRIBUTION, ETC.
Place of publication, distribution, etc. Manila:
Name of publisher, distributor, etc. Lorimar Publishing,
Date of publication, distribution, etc. c2013
300 ## - PHYSICAL DESCRIPTION
Extent 121p.:
Other physical details ill.
541 ## - IMMEDIATE SOURCE OF ACQUISITION NOTE
Accession number 3953 c.1, 5819 c.2, 5820 c.3
650 ## - SUBJECT ADDED ENTRY--TOPICAL TERM
Topical term or geographic name entry element Teaching
650 ## - SUBJECT ADDED ENTRY--TOPICAL TERM
Topical term or geographic name entry element Education - Philippines
700 ## - ADDED ENTRY--PERSONAL NAME
Personal name Giron, Paraluman R.
Relator term author
700 ## - ADDED ENTRY--PERSONAL NAME
Personal name Navarro, Rosita L.
Relator term author
700 ## - ADDED ENTRY--PERSONAL NAME
Personal name Andrada, Lolita M.
Relator term author
700 ## - ADDED ENTRY--PERSONAL NAME
Personal name Bilbao, Punta P.
Relator term author
700 ## - ADDED ENTRY--PERSONAL NAME
Personal name Llagas, Avelina T.
Relator term author
700 ## - ADDED ENTRY--PERSONAL NAME
Personal name Salandanan, Gloria G.
Relator term author
700 ## - ADDED ENTRY--PERSONAL NAME
Personal name Lucas, Maria Rita D.
Relator term author
700 ## - ADDED ENTRY--PERSONAL NAME
Personal name Lucido, Paz I.
Relator term author
700 ## - ADDED ENTRY--PERSONAL NAME
Personal name Borabo, Milagros L.
Relator term author
700 ## - ADDED ENTRY--PERSONAL NAME
Personal name Borabo, Heidi Grace L.
Relator term author
700 ## - ADDED ENTRY--PERSONAL NAME
Personal name De Torres, Amor Q.
Relator term author
Holdings
Withdrawn status Lost status Source of classification or shelving scheme Damaged status Not for loan Home library Current library Date acquired Total Checkouts Full call number Barcode Date last seen Copy number Price effective from Koha item type
    Dewey Decimal Classification     ctu-moalboal ctu-moalboal 07/22/2014   Fil. 371.1 Sp741f 2013 3953 02/27/2023 1 02/27/2023 Books-Filipiniana
    Dewey Decimal Classification     ctu-moalboal ctu-moalboal 01/14/2019   Fil. 371.1 Sp741f 2013 5819 02/27/2023 2 02/27/2023 Books-Filipiniana
    Dewey Decimal Classification     ctu-moalboal ctu-moalboal 01/14/2019   Fil. 371.1 Sp741f 2013 5820 02/27/2023 3 02/27/2023 Books-Filipiniana